Načítá se...

Voh phir nahi ayi /

Podrobná bibliografie
Hlavní autor: Bhagavaticharan, Varma .
Médium: Printed Book
Jazyk:Hindi
Vydáno: Delhi : Rajkamal Prakash , 1962.
Vydání:2 /
LEADER 00586cam a2200193ua 4500
020 |c Rs 2.25 
041 |a hin 
082 |a 891.54  |b BHA/VA 
100 |a Bhagavaticharan, Varma . 
245 |a Voh phir nahi ayi /   |c Bhagavaticharan Varma.  |h Textual Documents 
250 |a 2 /   |b . 
260 |a Delhi :   |b Rajkamal Prakash ,   |c 1962. 
300 |a 114 ; . 
365 |a Rs 2.25 
504
541 |e 2172   |h Rs 2.25 
942 |c BK 
999 |c 31822  |d 31822 
952 |0 0  |1 0  |4 0  |6 891_540000000000000  |7 0  |9 42008  |a KAUAET  |b KAUAET  |d 2012-04-07  |m 0  |o 891.54  |p KAU_KCAET-2172   |r 2012-04-07  |w 2012-04-07  |y BK